Prvá pomoc pri stavoch ohrozujúcich život 10 úkonov, ktoré môžu zachrániť 10 000 životov

Bibliographic Details
Corporate Author: Slovenský Červený kríž. Územný spolok Bardejov (vyd)
Other Authors: Mináriková, Barbora (Translator)
Format: Book
Language:Slovak
PhysicalDescription:10 s. kres. 21x11 cm
Published: Bratislava Príroda 1999
ISBN:8007010769
Subjects:

MARC

LEADER 00000nam a2200000 a 4500
001 vtls001398540
003 SK-MaSNL
005 20260301161811.0
008 160324s1999 xo a r y 0 slo
015 |a SNBE2001/01-00334 
020 |a 8007010769 
035 |a SNK000352980 
040 |a SNK  |b slo  |c SNK  |e AACR2 
041 0 |a slo 
044 |a xo  |c SK 
080 |a 614.88(041)  |2 1981 
245 1 |a Prvá pomoc pri stavoch ohrozujúcich život  |b 10 úkonov, ktoré môžu zachrániť 10 000 životov  |c preklad Barbora Mináriková 
260 |a Bratislava  |b Príroda  |c 1999 
300 |a 10 s.  |b kres.  |c 21x11 cm 
500 |a Vydané pre Slovenský Červený kríž 
650 0 7 |a prvá pomoc  |x dokumenty zdravotníckej osvety  |2 SNK  |9 525354 
655 7 |a zdravotnícka osveta  |2 SNK  |9 72803 
700 1 |a Mináriková, Barbora  |4 trl  |9 494288 
710 0 |a Slovenský Červený kríž.  |b Územný spolok Bardejov  |4 vyd  |9 204755 
919 |a 80-07-01076-9 
958 |a TL 
958 |a BQ 
958 |a MI 
999 |c 810849  |d 812779 
952 |t P60, <03>, [BOOK], {603}  |a SNK  |b SNK  |y PREZ  |7 0  |p 17A0256291  |o snkOSC 20912  |i snkKSP 11243/2000  |0 0  |1 0  |4 0  |d 2000-10-25  |l 0  |r 2005-01-02 00:00:00  |w 2026-02-24 
952 |t P60, <04>, [BOOK], {604}  |a SNK  |b SNK  |y VYP  |7 0  |p 17A0256292  |o snkOSC 20912 D1  |i snkKSP 11244/2000  |0 0  |1 1  |4 0  |d 2000-10-25  |l 0  |r 2005-01-02 00:00:00  |w 2026-02-24